000
00260nam a2200097Ia 4500
008
120527s9999 xx 000 0 und d
100
_a
Wills, J. M. ed.
245
_a
The waltham book of clinical nutrition of the dog and cat.
260
_b
Pergamon
942
_c
BK
999
_c
15227
_d
15227